Les pays contenant entre 70 % et 80 % de chrétiens - Statistiques

Statistiques générales
  • Ce quiz a été pris 50 fois
  • Le résultat moyen est 5 sur 19
Statistiques - réponses
Hint Réponse % Correct
78,6 % Espagne
76%
73,0 % États-Unis
60%
70,8 % Allemagne
49%
79,3 % Suisse
44%
72,9 % Suède
38%
74,4 % Hongrie
33%
70,0 % Cameroun
27%
72,0 % Gabon
27%
74,5 % Madagascar
27%
75,0 % Angola
22%
79,9 % Malawi
22%
75,0 % Burundi
18%
71,6 % Botswana
16%
74,6 % Barbade
13%
73,2 % Chypre
13%
71,3 % Swaziland
9%
76,7 % Belize
7%
77,9 % Palaos
7%
74,0 % Antigua-et-Barbuda
4%
Aucun quiz correspondant
Distribution des résultats
% des personnes avec chaque résultat
Percentile par nombre de réponses
Votre historique - résultats
Vous n’avez pas pris ce quiz